000 00319 a2200145 4500
001 154817
040 _cEscola São Tomás de Aquino
100 _aBUENO, Elaine
240 1 0 _aProjeto Jimboê
_lpor
245 1 0 _aProjeto Jimboê
300 _a183
440 1 _aEditora do Brasil
697 _aCIÊNCIAS
942 _cBK
999 _c154817
_d154817